Lok Parlok (Record no. 34484)

MARC details
000 -LEADER
fixed length control field 02914ngm a2200445 4500
003 - CONTROL NUMBER IDENTIFIER
control field dpl
005 - DATE AND TIME OF LATEST TRANSACTION
control field 20100306152830.0
007 - PHYSICAL DESCRIPTION FIXED FIELD--GENERAL INFORMATION
fixed length control field DVD
008 - FIXED-LENGTH DATA ELEMENTS--GENERAL INFORMATION
fixed length control field ||||||sp199 xxu|||||c ||| 00| 0 ng d
010 ## - LIBRARY OF CONGRESS CONTROL NUMBER
LC control number DVD-006125-6130 & DVD-006472-6474
024 ## - OTHER STANDARD IDENTIFIER
Terms of availability 99.00
035 ## - SYSTEM CONTROL NUMBER
System control number DVD-006125-6130
035 ## - SYSTEM CONTROL NUMBER
System control number DVD-006472-6474
040 ## - CATALOGING SOURCE
Original cataloging agency DPL
Transcribing agency DPL
082 ## - DEWEY DECIMAL CLASSIFICATION NUMBER
Classification number DVD LOKP
245 ## - TITLE STATEMENT
Title Lok Parlok
Statement of responsibility, etc Sree Pallavi Production Presents
Medium [videorecording] DVD/
260 ## - PUBLICATION, DISTRIBUTION, ETC. (IMPRINT)
Name of publisher, distributor, etc Eagle Home Entertainment
300 ## - PHYSICAL DESCRIPTION
Extent 1 videodisc DVD;
Other physical details sd., col. ;
Dimensions 4 3/4 in.
Type of unit DVD
440 ## - SERIES STATEMENT/ADDED ENTRY--TITLE
Title Eagle Video Home Entertainment
538 ## - SYSTEM DETAILS NOTE
System details note Dolby Digital 5.1 - Hindi Subtitles: English
650 ## - SUBJECT ADDED ENTRY--TOPICAL TERM
Topical term or geographic name as entry element Motion Picture
700 ## - ADDED ENTRY--PERSONAL NAME
Personal name Jeetendra
700 ## - ADDED ENTRY--PERSONAL NAME
Personal name Prada, Jaya
700 ## - ADDED ENTRY--PERSONAL NAME
Personal name Prem Nath
700 ## - ADDED ENTRY--PERSONAL NAME
Personal name Puri, Madan
700 ## - ADDED ENTRY--PERSONAL NAME
Personal name Verma, Deven
700 ## - ADDED ENTRY--PERSONAL NAME
Personal name Amjad Khan
942 ## - ADDED ENTRY ELEMENTS (KOHA)
Koha item type CD-ROMs, DVDs, VHS
Source of classification or shelving scheme Dewey Decimal Classification
Classification part DVD
Call number suffix LOKP
Holdings
Withdrawn status Lost status Source of classification or shelving scheme Damaged status Not for loan Home library Current library Date acquired Source of acquisition Cost, normal purchase price Total Checkouts Full call number Barcode Date last seen Date checked out Copy number Cost, replacement price Price effective from Koha item type
    Dewey Decimal Classification     Central Library Central Library 06/03/2010 Pioneers/1003/28-11-09/325/13-10-09 /30-11-09 99.00 9 DVD LOKP DVD-006125 06/06/2016 31/05/2016 1 99.00 06/03/2010 CD-ROMs, DVDs, VHS
    Dewey Decimal Classification     Janak Puri Janak Puri 12/03/2010 Pioneers/1099/25-12-09/325/13-10-09 /30-12-09 99.00 12 DVD LOKP DVD-006474 18/05/2013 27/04/2013 1 99.00 12/03/2010 CD-ROMs, DVDs, VHS
    Dewey Decimal Classification     Karol Bagh Karol Bagh 06/03/2010 Pioneers/1003/28-11-09/325/13-10-09 /30-11-09 99.00 9 DVD LOKP DVD-006130 02/07/2012 13/06/2012 1 99.00 06/03/2010 CD-ROMs, DVDs, VHS
    Dewey Decimal Classification     Narela Narela 12/03/2010 Pioneers/1099/25-12-09/325/13-10-09 /30-12-09 99.00 4 DVD LOKP DVD-006472 12/06/2013 29/05/2013 1 99.00 12/03/2010 CD-ROMs, DVDs, VHS
    Dewey Decimal Classification     Patel Nagar Patel Nagar 06/03/2010 Pioneers/1003/28-11-09/325/13-10-09 /30-11-09 99.00 15 DVD LOKP DVD-006126 03/08/2017 18/07/2017 1 99.00 06/03/2010 CD-ROMs, DVDs, VHS
    Dewey Decimal Classification     R.K.Puram-8 R.K.Puram-8 06/03/2010 Pioneers/1003/28-11-09/325/13-10-09 /30-11-09 99.00 1 DVD LOKP DVD-006128 25/09/2012 22/09/2012 1 99.00 06/03/2010 CD-ROMs, DVDs, VHS
    Dewey Decimal Classification     Sarojini Nagar Sarojini Nagar 06/03/2010 Pioneers/1003/28-11-09/325/13-10-09 /30-11-09 99.00 6 DVD LOKP DVD-006127 01/06/2012 19/05/2012 1 99.00 06/03/2010 CD-ROMs, DVDs, VHS
    Dewey Decimal Classification     Shahdara Branch Shahdara Branch 12/03/2010 Pioneers/1099/25-12-09/325/13-10-09 /30-12-09 99.00   DVD LOKP DVD-006473 12/03/2010   1 99.00 12/03/2010 CD-ROMs, DVDs, VHS
    Dewey Decimal Classification     Vinoba Puri Vinoba Puri 06/03/2010 Pioneers/1003/28-11-09/325/13-10-09 /30-11-09 99.00 6 DVD LOKP DVD-006129 09/07/2012 07/07/2012 1 99.00 06/03/2010 CD-ROMs, DVDs, VHS

© Delhi Public Library
Hit Counter
free hit counter